000 00374nam a22001577a 4500
999 _c9122
_d9122
003 OSt
008 201117b ||||| |||| 00| 0 eng d
020 _a9789352533312
100 _aAhuja, H. L.
245 _aBusiness Economics : Microeconomics
250 _a13 ed
260 _aNew Delhi
_bS Chand
_c2019
300 _a690
650 _aB.Com. Hons
942 _2ddc
_cBK
_013